| 000 | 00567nam a2200217Ia 4500 | ||
|---|---|---|---|
| 003 | OSt | ||
| 005 | 20260102103458.0 | ||
| 008 | 210210b1946 xxu||||| |||| 00| 0 eng d | ||
| 040 | _cAL | ||
| 041 | _aKannada | ||
| 082 | _a851/471 | ||
| 100 |
_aSHRINIVASA _9139704 _dಶ್ರೀನಿವಾಸ. |
||
| 245 |
_aNavaratri 3 _b ನವರಾತ್ರಿ ೩ |
||
| 260 |
_aBengaluru _bJivana Karyalaya _c1946 |
||
| 440 |
_a3 _9139705 |
||
| 650 |
_aNavaratri _9139706 |
||
| 650 |
_a3 _9139707 |
||
| 690 |
_aKannada Poetry _9139708 |
||
| 906 | _a018488 | ||
| 942 |
_2ddc _cBK |
||
| 999 |
_c141972 _d141972 |
||